English furniture, with some furniture of other countries in the Irwin Untermyer Collection (Record no. 7472)
[ view plain ]
| 000 -CABECERA | |
|---|---|
| campo de control de longitud fija | 00969nam a2200277 a 4500 |
| 001 - NÚMERO DE CONTROL | |
| campo de control | BRCA_7798 |
| 005 - FECHA Y HORA DE LA ÚLTIMA TRANSACCIÓN | |
| campo de control | 20190320210012.0 |
| 008 - DATOS DE LONGITUD FIJA--INFORMACIÓN GENERAL | |
| campo de control de longitud fija | 011013s1958----u--a######---#000-0#eng-# |
| 041 ## - CÓDIGO DE LENGUA | |
| Código de lengua del texto/banda sonora o título independiente | eng |
| 044 ## - CÓDIGO DEL PAÍS DE LA ENTIDAD EDITORA/PRODUCTORA | |
| Código MARC del país | u |
| 050 #4 - SIGNATURA TOPOGRÁFICA DE LA BIBLIOTECA DEL CONGRESO | |
| Número de clasificación | NK2528 |
| Número de documento/Ítem | .E54 1958 |
| 245 10 - MENCIÓN DE TÍTULO | |
| Título | English furniture, with some furniture of other countries in the Irwin Untermyer Collection |
| Mención de responsabilidad, etc. | Introduction by John Gloag ; notes and comments by Yvonne Hackenbroch. |
| 260 ## - PUBLICACIÓN, DISTRIBUCIÓN, ETC. | |
| Lugar de publicación, distribución, etc. | Cambridge |
| Nombre del editor, distribuidor, etc. | Metropolitan Museum of Art |
| Fecha de publicación, distribución, etc. | 1958 |
| 300 ## - DESCRIPCIÓN FÍSICA | |
| Extensión | lxv, 95 p. |
| Otras características físicas | il. (algunas a color), 359 láminas |
| Dimensiones | 30 cm. |
| 440 #0 - MENCIÓN DE SERIE/PUNTO DE ACCESO ADICIONAL--TÍTULO | |
| Título | Irwin Untermyer collection |
| Número de parte o sección de la obra | 3 |
| 9 (RLIN) | 19314 |
| 500 ## - NOTA GENERAL | |
| Nota general | X60 |
| 504 ## - NOTA DE BIBLIOGRAFÍA, ETC. | |
| Nota de bibliografía, etc. | Bibliografía p. 86-87 |
| 600 14 - PUNTO DE ACCESO ADICIONAL DE MATERIA--NOMBRE DE PERSONA | |
| Nombre de persona | Untermyer, Irwin |
| 9 (RLIN) | 19315 |
| 650 14 - PUNTO DE ACCESO ADICIONAL DE MATERIA--TÉRMINO DE MATERIA | |
| Término de materia o nombre geográfico como elemento de entrada | Muebles ingleses |
| 9 (RLIN) | 9632 |
| 650 14 - PUNTO DE ACCESO ADICIONAL DE MATERIA--TÉRMINO DE MATERIA | |
| Término de materia o nombre geográfico como elemento de entrada | Muebles |
| Subdivisión general | Colecciones particulares |
| 9 (RLIN) | 19316 |
| 650 14 - PUNTO DE ACCESO ADICIONAL DE MATERIA--TÉRMINO DE MATERIA | |
| Término de materia o nombre geográfico como elemento de entrada | Coleccionistas y colecciones |
| 9 (RLIN) | 19317 |
| 700 1# - PUNTO DE ACCESO ADICIONAL--NOMBRE DE PERSONA | |
| Nombre de persona | Gloag, John |
| Término indicativo de función/relación | intr. |
| 9 (RLIN) | 19318 |
| 700 1# - PUNTO DE ACCESO ADICIONAL--NOMBRE DE PERSONA | |
| Nombre de persona | Hackenbroch, Yvonne |
| 9 (RLIN) | 13599 |
| 902 ## - CATALOGADOR | |
| Iniciales | GFM |
| 942 ## - ELEMENTOS DE PUNTO DE ACCESO ADICIONAL (KOHA) | |
| Fuente del sistema de clasificación o colocación | Library of Congress Classification |
| Tipo de ítem Koha | Libros |
| Estado de retiro | Estado de pérdida | Estado dañado | No para préstamo | Localización permanente | Ubicación/localización actual | Fecha de adquisición | Número de inventario | Total de préstamos | Signatura topográfica completa | Código de barras | Fecha visto por última vez | Precio válido a partir de | Tipo de ítem Koha |
|---|---|---|---|---|---|---|---|---|---|---|---|---|---|
| El ejemplar forma parte de la colección y puede ser consultado según las políticas vigentes. | Biblioteca del Museo Franz Mayer (Rogerio Casas-Alatriste) | Biblioteca del Museo Franz Mayer (Rogerio Casas-Alatriste) | 01/10/2013 | X60 | NK2528 .E54 1958 (X60) | 8407 | 22/03/2019 | 22/03/2019 | Libros |